00345nam a2200109Ia 4500008004100000041000800041082001600049100004300065245004400108260006000152300002300212240624s9999 xx 000 0 und d aeng a658.404 IND aINDIRA GANDHI NATIONAL OPEN UNIVERSITY aTECHNOLOGY MANAGEMENT TECHNOLOGY ISSUES c2002aNew DelhibIndira Gandhi National Open University a48 : p. : cm. ; 26